|
|
|
|
| LEADER |
00000nab a2200000 a 4500 |
| 001 |
vtls001030952 |
| 003 |
SK-MaSNL |
| 005 |
20260303035738.0 |
| 008 |
040720e20020711xo 0 slo |
| 035 |
|
|
|a SL9506
|
| 040 |
|
|
|a SLLK
|b slo
|c SLLK
|e AACR2
|
| 041 |
0 |
|
|a slo
|
| 044 |
|
|
|a xo
|c SK
|
| 080 |
|
|
|a 352.9
|2 1981
|
| 080 |
|
|
|a 347.471
|2 1981
|
| 100 |
0 |
|
|a (Že)
|4 aut
|9 872824
|
| 245 |
1 |
0 |
|a Obrad s vôňou ihličia
|
| 610 |
2 |
7 |
|a Zbor pre občianske záležitosti Mesta Stará Ľubovňa (Stará Ľubovňa, Slovensko)
|2 SLLK
|9 1022933
|
| 650 |
0 |
7 |
|a zbory pre občianske záležitosti
|2 SLLK
|9 40690
|
| 650 |
0 |
7 |
|a festivaly
|2 SLLK
|9 3406
|
| 650 |
0 |
7 |
|a roč. 10.
|2 SLLK
|9 877640
|
| 650 |
0 |
7 |
|a účasť
|2 SLLK
|9 512611
|
| 651 |
|
7 |
|a SL,
|2 SLLK
|9 1022390
|
| 655 |
|
7 |
|a periodikum
|2 snkbucl
|9 29553
|
| 710 |
2 |
|
|a Zbor pre občianske záležitosti Mesta Stará Ľubovňa (Stará Ľubovňa, Slovensko)
|4 aut
|9 1022933
|
| 773 |
0 |
8 |
|t Ľubovnianske noviny
|g Roč. 28, č.28, 11.7.2002, s. 2
|
| 852 |
|
|
|a ZVYKNI
|b KIS3GCP
|
| 999 |
|
|
|c 1678732
|d 1680662
|